Urban Poverty and Economic Development (Record no. 2269)
[ view plain ]
| 000 -LEADER | |
|---|---|
| fixed length control field | 00347nam a22001337a 4500 |
| 008 - FIXED-LENGTH DATA ELEMENTS--GENERAL INFORMATION | |
| fixed length control field | 250312b |||||||| |||| 00| 0 eng d |
| 020 ## - INTERNATIONAL STANDARD BOOK NUMBER | |
| ISBN | 0312834594 |
| 100 ## - MAIN ENTRY--AUTHOR | |
| Author | HERRICK, Bruce H. |
| 245 ## - TITLE STATEMENT | |
| Title | Urban Poverty and Economic Development |
| 260 ## - PUBLICATION, DISTRIBUTION, ETC. (IMPRINT) | |
| Place of publication | New York |
| Name of publisher | St. Martins Press |
| Date of publication | 1981 |
| 300 ## - COLLATION | |
| Pagination | xiii, 188p. |
| 942 ## - ADDED ENTRY ELEMENTS (KOHA) | |
| Item type | Books |
| 050 ## - LIBRARY OF CONGRESS CALL NUMBER | |
| Classification number | HC143 |
| Item number | .H47 |
| Source of classification or shelving scheme | Not for loan | Permanent location | Current location | Date acquired | Accession No. | Full call number | Barcode. | Koha item type |
|---|---|---|---|---|---|---|---|---|
| Library of Congress Classification | Samuel Ogbemudia Main Library, University of Abuja | Samuel Ogbemudia Main Library, University of Abuja | 03/12/2025 | 91/006483 | HC143.H47 | 2025-0517 | Books |